01193nam a2200313 i 4500001000300000003000400003005001700007008004100024015001800065020001500083020001500098040001400113080000800127080001700135080000900152100003700161245021900198260005900417300003300476504004000509650003600549655002600585700004300611700002500654700002400679700002200703710005600725856009800781bgBPK20220309133757.0060825s2006 pl a d |000 0cpol  aPB 17996/2006 a8391627845 a8390529548 aWA NcBPK a001 a929-052(438) a(03)1 aFrankowska, Bożennad(1947- ).10aWspółcześni uczeni polscy :bsłownik biograficzny.nT. 5,pSuplement A-Ż /cred. nauk. Janusz Kapuścik ; red. słownika Marek Halawa ; oprac. i red. haseł Bożenna Frankowska, Anna Koc, Edyta Kostrzewa. aWarszawa :bOśrodek Przetwarzania Informacji,c2006. a877, [1] s. :bil. ;c25 cm. aBibliogr. podmiotowa przy hasłach. 4aNaukazPolskay20 w.xbiografie aSłownik biograficzny1 aKapuścik, Januszd(1932-1999).eRed.1 aHalawa, Marek.eRed.1 aKoc, Annad(1973- )1 aKostrzewa, Edyta.2 aOśrodek Przetwarzania Informacji (Warszawa)4pbl. uhttp://koha.tu.koszalin.pl/cgi-bin/koha/opac-detail.pl?biblionumber=51852yKatalog online BPK